{"text_format":"2","workbook":"xlsx","n_sheets":5,"sheets":["Planilhas Calha Medição","COMPOSIÇÕES","BDI-serviços","Enc Mensalistas","Enc. Horistas"],"not_rendered":{"charts":0,"images":1,"macros":0,"external_links":0,"defined_names":5,"comments":0,"pivot_tables":0},"unopened":[],"bounds":{"document_bytes":16777216,"sheet_cells":100000,"run_cost":"one","rows_first":2000,"rows_last":500,"rows_between":2000,"halvings":0,"cell_chars":16384,"cell_head_chars":4096},"cells_cut":0,"cells_raw":0,"read":"whole","date_system":"1900"}

{"sheet":"Planilhas Calha Medição","index":0,"n_rows":39,"n_cols":9,"rows_kept":39,"cut":false,"hidden":false,"merged":[[9,2,10,2],[8,0,8,7],[9,0,10,0],[9,1,10,1],[9,3,10,3],[9,4,10,4],[9,5,10,5],[9,6,10,6],[9,7,10,7],[5,0,5,1],[6,0,6,1],[7,0,7,1],[1,0,1,7],[0,0,0,7],[2,0,2,1],[3,0,3,1],[4,0,4,1]]}
["                                            Ministério da Integração Nacional"]
["                                            Companhia de Desenvolvimento dos Vales do São Francisco e do Parnaíba"]
["Obra:",null,"CALHA DE MEDIÇÃO NO RIO GORUTUBA"]
["Serviço:"]
["Extensão:",null,"18,00 m"]
["Município:",null,"Janaúba - MG"]
["Data Base:",null,"2016-11-14"]
["BDI Serv:",null,0.25]
["PLANILHA ORÇAMENTÁRIA"]
["ITEM","DESCRIÇÃO","SICRO/CPU","UND","QUANT.","PREÇO UNITÁRIO - SEM BDI (R$)","PREÇO UNITÁRIO (R$)","PREÇO TOTAL (R$)","BDI"]
[{"$nulls":8},{"$f":"ROUND('BDI-serviços'!E29/100+1,4)","v":1.25}]
["1.0","SERVIÇOS PRELIMINARES ",null,"",0,null,null,{"$f":"SUM(H13:H17)","v":22597.07}]
["1.1","MOBILIZAÇÃO E DESMOBILIZAÇÃO","CPU","un",1,{"$f":"COMPOSIÇÕES!H22","v":4400.5},{"$f":"ROUND($I$11*F13,2)","v":5500.63},{"$f":"ROUND(G13*E13,2)","v":5500.63}]
["1.2","ADIMINISTRAÇÃO LOCAL E MANUTENÇÃO DO CANTEIRO DE OBRAS","CPU","un",1,{"$f":"COMPOSIÇÕES!H48","v":4179},{"$f":"ROUND($I$11*F14,2)","v":5223.75},5223.75]
["1.3","FORNECIMENTO E INSTALAÇÃO DE PLACA DE IDENTIFICAÇÃO DA OBRA","74209/001","m²",4.5,315.97000000000003,{"$f":"ROUND($I$11*F15,2)","v":394.96},1777.32]
["1.4","LOCACAO CONVENCIONAL DE OBRA, ATRAVÉS DE GABARITO DE TABUAS CORRIDAS PONTALETADAS A CADA 1,50M, SEM REAPROVEITAMENTO","73992/001","m²",216,9.99,10.98,2371.6799999999998]
["1.5","DESVIO DO RIO","CPU","gl",1,6178.95,{"$f":"ROUND($I$11*F17,2)","v":7723.69},7723.69]
["2.0","ESCAVAÇÃO E PREPARO DA FUNDAÇÃO COM ESTACAS AÇO",{"$nulls":5},{"$f":"SUM(H19:H22)","v":3266}]
["2.1.1","COMPACTACAO MECANICA DE VALAS,C/CONTR.DO GC >= 95% DO PN (C/COMPACTADORSOLOS C/ PLACA VIBRATORIA MOTOR DIESEL/GASOLINA 7 A 10 HP)","76444/002","m³",40,18.579999999999998,{"$f":"ROUND($I$11*F19,2)","v":23.23},{"$f":"ROUND(G19*E19,2)","v":929.2}]
["2.1.2","ESCAVACAO MANUAL EM SOLO-PROF. ATE 1,50 M","79517/001","m³",40,25.02,{"$f":"ROUND($I$11*F20,2)","v":31.28},{"$f":"ROUND(G20*E20,2)","v":1251.2}]
["2.1.3","ESCAVACAO MECANICA, A CEU ABERTO, EM MATERIAL DE 1A CATEGORIA, COM ESCAVADEIRA HIDRAULICA, CAPACIDADE DE 0,78 M3",83338,"m²",20,2.14,{"$f":"ROUND($I$11*F21,2)","v":2.68},53.6]
["2.1.4","REGULARIZACAO E COMPACTACAO MANUAL DE TERRENO COM SOQUETE",5622,"m²",200,4.13,{"$f":"ROUND($I$11*F22,2)","v":5.16},1032]
["2.2","ESTRUTURA DE CONCRETO",{"$nulls":5},{"$f":"SUM(H24:H28)","v":35165.97}]
["2.2.1","CONCRETO FCK=15MPA, PREPARO COM BETONEIRA, SEM LANCAMENTO",6045,"m³",12,316.58,{"$f":"ROUND($I$11*F24,2)","v":395.73},4748.76]
[null,"LANCAMENTO/APLICACAO MANUAL DE CONCRETO EM FUNDACOES/ESTRUTURAS","74157/003","m³",12,88.66,{"$f":"ROUND($I$11*F25,2)","v":110.83},{"$f":"ROUND(G25*E25,2)","v":1329.96}]
["2.2.2","CONCRETO USINADO BOMBEADO FCK=25MPA, INCLUSIVE LANCAMENTO E ADENSAMENTO","74138/003","m³",25.92,325.29000000000002,{"$f":"ROUND($I$11*F26,2)","v":406.61},10539.33]
["2.2.3","ARMACAO ACO CA-50, DIAM. 6,3 (1/4) À 12,5MM(1/2) -FORNECIMENTO/ CORTE(PERDA DE 10%) / DOBRA / COLOCAÇÃO","74254/002","Kg",1555.2,7.28,{"$f":"ROUND($I$11*F27,2)","v":9.1},14152.32]
["2.2.4","FORMA PARA ESTRUTURAS DE CONCRETO EM CHAPA DE MADEIRA COMPENSADA PLASTIFICADA, DE 1,10 X 2,20, ESPESSURA = 12 MM, 03 UTILIZACOES. (FABRICACAO, MONTAGEM E DESMONTAGEM - EXCLUSIVE ESCORAMENTO)",84218,"m²",90,39.07,{"$f":"ROUND($I$11*F28,2)","v":48.84},4395.6000000000004]
["2.3","FORNECIMENTO DE ESTACAS PARA FUNDAÇÃO ",{"$nulls":5},{"$f":"SUM(H30:H34)","v":35610.565999999999}]
["2.3.1","FORNECIMENTO DE ESTACA METÁLICA, PERFIL I DE 10\" (Massa linear: 37,8 kg/m)","COTAÇÃO","kg",{"$f":"E31*37.8","v":1852.1999999999998},7.5,{"$f":"ROUND($I$11*F30,2)","v":9.3800000000000008},{"$f":"G30*E30","v":17373.635999999999}]
["2.3.2","CRAVAÇÃO DE ESTACAS METÁLICAS PERFIL I DE 10\" (Massa linear: 37,8 kg/m) (Cotação: Construção e Mercado - Setembro/2015)","CONST&MERC","m",49,52.51,{"$f":"ROUND($I$11*F31,2)","v":65.64},{"$f":"ROUND(G31*E31,2)","v":3216.36}]
["2.3.3","CORTE PERFIL I DE 10\" (Massa linear: 37,8 kg/m) (Cotação: Construção e Mercado - Setembro/2015)","CONST&MERC","und",14,107.18,{"$f":"ROUND($I$11*F32,2)","v":133.97999999999999},1875.72]
["2.3.4","EMENDA DE TOPO PERFIL I DE 10\" (Massa linear: 37,8 kg/m) (Cotação: Construção e Mercado - Setembro/2015)","CONST&MERC","und",14,197.11,{"$f":"ROUND($I$11*F33,2)","v":246.39},3449.46]
["2.3.5","MOBILIZAÇÃO DE EQUIPE E EQUIPAMENTO PARA EXECUÇÃO DE ESTACAS METÁLICAS PERFIL I DE 10\" (Cotação: Construção e Mercado - Setembro/2015)","CONST&MERC","gl",1,7756.31,{"$f":"ROUND($I$11*F34,2)","v":9695.39},9695.39]
["2.4","LIMPEZA FINAL ",{"$nulls":5},{"$f":"H36","v":488}]
["2.4.1","LIMPEZA FINAL DA OBRA",9537,"m²",200,1.95,{"$f":"ROUND($I$11*F36,2)","v":2.44},{"$f":"G36*E36","v":488}]
["2.5","CALHA PARSHAL",{"$nulls":5},{"$f":"SUM(H38)","v":25000}]
["2.5.1","FORNECIMENTO E INSTALAÇÃO DE CALHA PARSHAL","COTAÇÃO","gl",1,20000,{"$f":"ROUND($I$11*F38,2)","v":25000},{"$f":"G38*E38","v":25000}]
[null,"TOTAL GERAL",{"$nulls":5},{"$f":"H29+H23+H18+H12+H35+H37","v":122127.606}]

{"sheet":"COMPOSIÇÕES","index":1,"n_rows":73,"n_cols":8,"rows_kept":73,"cut":false,"hidden":false,"merged":[[22,0,22,6],[23,0,23,6],[16,0,16,6],[17,0,17,7],[21,0,21,6],[12,0,12,6],[19,0,19,6],[20,2,20,6],[0,1,0,7],[2,0,2,5],[3,0,3,7],[13,0,13,7],[8,0,8,6],[9,0,9,7],[70,0,70,6],[71,0,71,6],[72,0,72,6],[52,0,52,5],[53,0,53,7],[56,0,56,6],[57,0,57,7],[60,0,60,6],[61,0,61,7],[65,0,65,7],[68,0,68,6],[69,2,69,6],[64,0,64,6],[50,1,50,7],[24,1,24,7],[26,0,26,5],[27,0,27,7],[30,0,30,6],[31,0,31,7],[45,0,45,6],[36,0,36,6],[37,0,37,7],[40,0,40,6],[41,0,41,7],[46,2,46,6],[47,0,47,6],[48,0,48,6],[49,0,49,6]]}
["CODEVASF"," COMPOSIÇÃO DE PREÇO UNITÁRIO"]
["OBRA: ",{"$nulls":5},"DATA: "]
["SERVIÇO :Mobilização e Desmobilização",{"$nulls":5},"UNIDADE: ","GL"]
["EQUIPAMENTO"]
["DISCRIMINAÇÃO","UNIDADE","QUANT.","PROD","IMPROD","P.UNIT. PROD","P.UNIT. IMPR","P.TOTAL"]
["Cavalo c/ carreta 3 eixos - 246 KW","h",20,1,null,113.92,16.79,{"$f":"C6*D6*F6+C6*E6*G6","v":2278.4}]
["Caminhão basculante, capacidade para 5,0 m³ (inclusive motorista) - VOLKSWAGEN VW-13.150 T","h",10,1,null,85.14,0,{"$f":"C7*D7*F7+C7*E7*G7","v":851.4}]
["Caminhão carroceria fixa","h",10,1,null,87.07,0,{"$f":"C8*D8*F8+C8*E8*G8","v":870.69999999999993}]
["SUB-TOTAL",{"$nulls":6},{"$f":"SUM(H6:H8)","v":4000.5}]
["MATERIAL"]
["DISCRIMINAÇÃO","UNIDADE","QUANT.",null,null,null,"P.UNIT.","P.TOTAL"]
["Passagem de ônibus","unid.",8,null,null,null,50,{"$f":"C12*G12","v":400}]
["SUB-TOTAL",{"$nulls":6},{"$f":"SUM(H12:H12)","v":400}]
["SERVIÇOS - COMPOSIÇÕES AUXILIARES"]
["DISCRIMINAÇÃO","UNIDADE","QUANT.",null,null,null,"P.UNIT.","P.TOTAL"]
[{"$nulls":7},{"$f":"C16*G16","v":0}]
["SUB-TOTAL",{"$nulls":6},{"$f":"SUM(H16:H16)","v":0}]
["MÃO DE OBRA"]
["DISCRIMINAÇÃO","UNIDADE","QUANT.",null,null,null,"P.UNIT.","P.TOTAL"]
["SUB-TOTAL",{"$nulls":6},0]
["PRODUÇÃO DA EQUIPE",1,"CUSTO ",{"$nulls":4},{"$f":"H20+H17+H13+H9","v":4400.5}]
["TOTAL",{"$nulls":6},{"$f":"H21/B21","v":4400.5}]
["BDI                %",{"$nulls":6},1.25]
["TOTAL DO SERVIÇO - R$",{"$nulls":6},{"$f":"ROUND(H22*H23,2)","v":5500.63}]
["CODEVASF"," COMPOSIÇÃO DE PREÇO UNITÁRIO"]
["OBRA: ",{"$nulls":5},"DATA: "]
["SERVIÇO :Administração local e manutenção do canteiro/localidade",{"$nulls":5},"UNIDADE: ","GL"]
["EQUIPAMENTO"]
["DISCRIMINAÇÃO","UNIDADE","QUANT.","PROD","IMPROD","P.UNIT. PROD","P.UNIT. IMPR","P.TOTAL"]
[{"$nulls":7},{"$f":"C30*D30*F30+C30*E30*G30","v":0}]
["SUB-TOTAL",{"$nulls":6},{"$f":"SUM(H30:H30)","v":0}]
["MATERIAL"]
["DISCRIMINAÇÃO","UNIDADE","QUANT.",null,null,null,"P.UNIT.","P.TOTAL"]
["Telefone ","gl",1,null,null,null,150,{"$f":"C34*G34","v":150}]
["Energia elétrica","gl",1,null,null,null,150,{"$f":"C35*G35","v":150}]
["Água e esgoto","gl",1,null,null,null,150,{"$f":"C36*G36","v":150}]
["SUB-TOTAL",{"$nulls":6},{"$f":"SUM(H34:H36)","v":450}]
["SERVIÇOS - COMPOSIÇÕES AUXILIARES"]
["DISCRIMINAÇÃO","UNIDADE","QUANT.",null,null,null,"P.UNIT.","P.TOTAL"]
[{"$nulls":7},{"$f":"C40*G40","v":0}]
["SUB-TOTAL",{"$nulls":6},{"$f":"SUM(H40:H40)","v":0}]
["MÃO DE OBRA"]
["DISCRIMINAÇÃO","UNIDADE","QUANT.",null,null,null,"P.UNIT.","P.TOTAL"]
["Engenheiro Residente","gl",0.25,null,null,null,12722.6,{"$f":"C44*G44","v":3180.65}]
["Assistente Administrativo ","gl",0.25,null,null,null,2193.4,{"$f":"C45*G45","v":548.35}]
["SUB-TOTAL",{"$nulls":6},{"$f":"SUM(H44:H45)","v":3729}]
["PRODUÇÃO DA EQUIPE",1,"CUSTO ",{"$nulls":4},{"$f":"H46+H41+H37+H31","v":4179}]
["TOTAL",{"$nulls":6},{"$f":"H47/B47","v":4179}]
["BDI                %",{"$nulls":6},1.25]
["TOTAL DO SERVIÇO - R$",{"$nulls":6},{"$f":"ROUND(H48*H49,2)","v":5223.75}]
["CODEVASF"," COMPOSIÇÃO DE PREÇO UNITÁRIO"]
["OBRA: ",{"$nulls":5},"DATA: "]
["SERVIÇO :Desvio do rio",{"$nulls":5},"UNIDADE: ","gl"]
["EQUIPAMENTO"]
["DISCRIMINAÇÃO","UNIDADE","QUANT.","PROD","IMPROD","P.UNIT. PROD","P.UNIT. IMPR","P.TOTAL"]
["Pá carregadeira sobre pneus, motor diesel 170 HP ","h",24,0.5,0.5,256.3,26.63,{"$f":"C56*D56*F56+C56*E56*G56","v":3395.1600000000003}]
["SUB-TOTAL",{"$nulls":6},{"$f":"SUM(H56:H56)","v":3395.1600000000003}]
["MATERIAL"]
["DISCRIMINAÇÃO","UNIDADE","QUANT.",null,null,null,"P.UNIT.","P.TOTAL"]
[{"$nulls":7},{"$f":"C60*G60","v":0}]
["SUB-TOTAL",{"$nulls":6},{"$f":"SUM(H60:H60)","v":0}]
["SERVIÇOS - COMPOSIÇÕES AUXILIARES"]
["DISCRIMINAÇÃO","UNIDADE","QUANT.",null,null,null,"P.UNIT.","P.TOTAL"]
[{"$nulls":7},{"$f":"C64*G64","v":0}]
["SUB-TOTAL",{"$nulls":6},{"$f":"SUM(H64:H64)","v":0}]
["MÃO DE OBRA"]
["DISCRIMINAÇÃO","UNIDADE","QUANT.",null,null,null,"P.UNIT.","P.TOTAL"]
["Servente","h",120,null,null,null,7.69,{"$f":"C68*G68","v":922.80000000000007}]
["SUB-TOTAL",{"$nulls":6},{"$f":"SUM(H68:H68)","v":922.80000000000007}]
["PRODUÇÃO DA EQUIPE",1,"CUSTO ",{"$nulls":4},{"$f":"H69+H65+H61+H57","v":4317.96}]
["TOTAL - R$",{"$nulls":6},{"$f":"H70/B70","v":4317.96}]
["BDI                %",{"$nulls":6},1.25]
["TOTAL DO SERVIÇO - R$",{"$nulls":6},{"$f":"ROUND(H71*H72,2)","v":5397.45}]

{"sheet":"BDI-serviços","index":2,"n_rows":39,"n_cols":9,"rows_kept":39,"cut":false,"hidden":false,"merged":[[35,1,35,2],[36,1,36,6],[1,1,1,4],[2,1,2,6],[6,1,7,1],[6,2,7,2],[30,4,30,5],[34,1,34,2]]}
[]
[null,"DETALHAMENTO DO BDI - SERVIÇOS"]
[]
[{"$nulls":6}," ",null," "]
[{"$nulls":6}," "]
[{"$nulls":8}," "]
[null,"Item","Descrição dos Serviços","%","%",null,null," "]
[null,null,null,"PV","CD"]
[]
[null,1,"ADMINISTRAÇÃO CENTRAL"," ",6,null,null," "]
[null,"1.1","ESCRITÓRIO CENTRAL"," "," "]
[null,"1.2","VIAGENS"," "," "]
[null,"1.3","OUTROS"," "," "]
[null," "," "," "," "]
[null,2,"IMPOSTOS E TAXAS",{"$f":"SUM(D16:D18)","v":6.65}]
[null,"2.1","ISS",3]
[null,"2.2","PIS",0.65]
[null,"2.3","Cofins",3]
[]
[null,3,"TAXA DE RISCO"," ",{"$f":"SUM(E21:E24)","v":0.97000000000000008},null,null," "]
[null,"3.1","SEGURO",null,0.27]
[null,"3.2","RISCO",null,0.3]
[null,"3.3","GARANTIA",null,0.4]
[]
[null,4,"DESPESAS FINANCEIRAS"," ",1,null,null," "]
[]
[null,5,"LUCRO",null,8]
[]
[null," ","BDI - CALCULADO"," ",{"$f":"ROUND((((1+(E10+E20)/100)*(1+E25/100)*(1+E27/100)/(1-D15/100)-1)*100),2)","v":25}]
[]
[]
[{"$nulls":6}," "]
[null,"BDI = ((1+((AC+S+R+G)/100))x(1+DF/100)x(1+L/100)/(1-I/100)-1)*100"]
[]
[null,"BDI (CALCULADO):",null,{"$f":"ROUND((((1+((E10+E20)/100))*(1+E25/100)*(1+E27/100))/(1-D15/100)-1)*100,2)","v":25}]
[null," "]
[null,"Para o preenchimento da proposta deve-se utilizar o valor de ISS da Prefeitura Local."]
[]
[null,"BDI CALCULADO CONFORME ACÓRDÃO Nº 2369/2011 – TCU "]

{"sheet":"Enc Mensalistas","index":3,"n_rows":48,"n_cols":8,"rows_kept":48,"cut":false,"hidden":false,"merged":[[2,1,2,4],[3,1,3,4],[4,2,4,4],[23,2,23,3]]}
[]
[]
[null,"E N C A R G O S    S O C I A I S"]
[null,"Planilha de Cálculo - Mensalistas"]
[null,null," "]
[]
[null,"A-","Encargos Sociais Básicos"]
[null,"A1-","Seconci",null,{"$f":"G8","v":0},null,0]
[null,"A2-","INSS",null,0.2]
[null,"A3-","FGTS",null,0.08]
[null,"A4-","Incra",null,2E-3]
[null,"A5-","Salário Educação ",null,2.5000000000000001E-2]
[null,"A6-","Sebrae",null,6.0000000000000001E-3]
[null,"A7-","Seguro contra acidente",null,0.03]
[null,"A8-","Senai",null,0.01]
[null,"A9-","Sesi",null,1.4999999999999999E-2]
[null,null,"Total",null,{"$f":"ROUND(SUM(E8:E16),4)","v":0.36799999999999999},"A "]
[]
[null,"B-","Encargos Sociais Que Recebem Incidências de A"]
[null,"B1-","13º Salário  "," ",{"$f":"ROUND(E39/E41,4)","v":8.2199999999999995E-2}]
[null,null,"Total",null,{"$f":"ROUND(SUM(E20:E20),4)","v":8.2199999999999995E-2},"B"]
[]
[null,"C-","Encargos Que Não Recebem Incidências Globais de A"]
[null,"C1-","Depósito por despedida injusta",null,{"$f":"ROUND(0.5*(E10+(E10*E21)),4)","v":4.3299999999999998E-2}]
[null,"C2-","Férias"," ",{"$f":"ROUND(1.33*(E39/E41),4)","v":0.10929999999999999}]
[null,"C3-","Aviso prévio"," ",{"$f":"ROUND(E39/(E41/12*G26),4)","v":0.10199999999999999},"TP =",9.67," "]
[null,null,"Total",null,{"$f":"ROUND(SUM(E24:E26),4)","v":0.25459999999999999},"C"]
[{"$nulls":6}," "]
[null,"D-","Taxa de Reincidência",null,null,null," "]
[null,"D1-","Reincidência de A sobre B","A% x B%",{"$f":"ROUND(E17*0.0822,4)","v":3.0200000000000001E-2},null,{"$f":"E17*E21","v":3.0249599999999998E-2}]
[null,"D2-","Reincidência de A sobre C3","A% x C3%",{"$f":"ROUND((E17-E8)*0.102,4)","v":3.7499999999999999E-2},null,{"$f":"E17*E26","v":3.7536E-2}]
[null,null,"Total",null,{"$f":"ROUND(SUM(E30:E31),4)","v":6.7699999999999996E-2},"D",{"$f":"G30+G31","v":6.7785600000000001E-2}]
[]
[null,null,"TOTAL DOS ENCARGOS",null,{"$f":"ROUND(E17+E21+E27+E32,4)","v":0.77249999999999996}]
[]
[]
[]
[null,"Relação de variáveis:"]
[null,"V1","Jornada mensal de trabalho:",null,220]
[null,"V2","Jornada diária de trabalho:                  220/30","220/30",{"$f":"ROUND(220/30,4)","v":7.3333000000000004}]
[null,"V3","Total de horas anuais:","365*7,3333",{"$f":"365*E40","v":2676.6545000000001}]
[null,"TP","Tempo de permanência do funcionário na obra, em meses."]
[]
[null,"Cálculos:"]
[null,"B1-","V1/V3"]
[null,"C1-","50%x(FGTS+(FGTSxB))"]
[null,"C2-","1,33xV1/V3"]
[null,"C3-","V1/(V3/12xTP)","  "]

{"sheet":"Enc. Horistas","index":4,"n_rows":68,"n_cols":10,"rows_kept":68,"cut":false,"hidden":false,"merged":[[48,2,48,3],[2,2,2,4],[3,2,3,4],[26,2,26,3],[29,6,29,9],[30,6,30,9],[47,6,47,9]]}
[]
[]
[null,null,"E N C A R G O S    S O C I A I S",null,null,null," ",null,null," "]
[null,null,"Planilha de Cálculo - Horistas"]
[]
[null,"A-","Encargos Sociais Básicos"]
[null,"A1-","Seconci",null,{"$f":"H7","v":0},null,"A1=",0]
[null,"A2-","INSS",null,0.2]
[null,"A3-","FGTS",null,0.08]
[null,"A4-","Incra",null,2E-3]
[null,"A5-","Salário Educação ",null,2.5000000000000001E-2,null,null," "]
[null,"A6-","Sebrae",null,6.0000000000000001E-3]
[null,"A7-","Seguro contra acidente",null,0.03]
[null,"A8-","Senai",null,0.01]
[null,"A9-","Sesi",null,1.4999999999999999E-2]
[null,null,"Total",null,{"$f":"ROUND(SUM(E7:E15),4)","v":0.36799999999999999},"A "]
[]
[null,"B-","Encargos Sociais Que Recebem Incidências de A"]
[null,"B1-","Descanso Semanal e Feriados"," ",{"$f":"ROUND((E43+E44)/E48,4)","v":0.22900000000000001}]
[null,"B2-","Auxílio enfermidade"," ",{"$f":"ROUND(E45/E48,4)","v":7.9000000000000008E-3}]
[null,"B3-","Licença paternidade",null,{"$f":"ROUND(E46/E48,4)","v":3.3999999999999998E-3}]
[null,"B4-","13º Salário  "," ",{"$f":"ROUND(E40/E48,4)","v":0.1057}]
[null,"B5-","Dias de chuva e faltas justificadas",null,{"$f":"ROUND(E47/E48,4)","v":4.5699999999999998E-2}]
[null,null,"Total",null,{"$f":"ROUND(SUM(E19:E23),4)","v":0.39169999999999999},"B"]
[]
[null,"C-","Encargos Que Não Recebem Incidências Globais de A"]
[null,"C1-","Depósito por despedida injusta",null,{"$f":"ROUND(0.5*(E9+(E9*E24)),4)","v":5.57E-2}]
[null,"C2-","Férias"," ",{"$f":"ROUND(1.33*(E40/E48),4)","v":0.1406}]
[null,"C3-","Aviso prévio"," ",{"$f":"ROUND(E40/(E48/12*C62),4)","v":0.13120000000000001}]
[null,null,"Total",null,{"$f":"ROUND(SUM(E27:E29),4)","v":0.32750000000000001},"C"," "]
[{"$nulls":6}," "]
[null,"D-","Taxa de Reincidência",null,null,null," "," "]
[null,"D1-","Reincidência de A sobre B","A% x B%",{"$f":"ROUND(E16*E24,4)","v":0.14410000000000001}]
[null,"D2-","Reincidência de A sobre C3","A% x C3%",{"$f":"ROUND((E16*E29),4)","v":4.8300000000000003E-2}]
[null,null,"Total",null,{"$f":"SUM(E33:E34)","v":0.19240000000000002},"D"]
[]
[null,null,"TOTAL DOS ENCARGOS",null,{"$f":"ROUND(E16+E24+E30+E35,4)","v":1.2796000000000001}]
[]
[null,"Relação de variáveis:"]
[null,"V1","Jornada mensal de trabalho:",null,220]
[null,"V2","Jornada diária de trabalho:                  220/30","220/30",{"$f":"ROUND(220/30,4)","v":7.3333000000000004}]
[null,"V3","Total de horas anuais:","365*7,3333",{"$f":"365*E41","v":2676.6545000000001}]
[null,"V4","Descanso semanal remunerado:","ND*7,3333",{"$f":"ROUND(C64*7.3333,2)","v":381.33}]
[null,"V5","Feriados:","NF*7,3333",{"$f":"ROUND(C65*7.3333,2)","v":95.33}]
[null,"V6","Auxílio enfermidade:","15*7,3333*PA1",{"$f":"ROUND(15*7.3333*C66,2)","v":16.5}]
[null,"V7","Licença paternidade:","5*7,3333*PA2",{"$f":"ROUND(5*7.3333*C67,2)","v":7.11}]
[null,"V8","Dias de chuva e faltas justificadas","ND*7,3333",{"$f":"ROUND(C68*7.3333,2)","v":95.19}]
[null,"V9","Horas produtivas em um ano:","V3-V4-V5-V6-V7-V8",{"$f":"E42-E43-E44-E45-E46-E47","v":2081.1945000000001}]
[null,"TP","Tempo de permanência do funcionário na obra em meses."]
[]
[null,"Cálculos:"]
[null,"B1-","(V4+V5)/V9"]
[null,"B2-","V6/V9"]
[null,"B3-","V7/V9"]
[null,"B4-","V1/V9"]
[null,"B5-","V8/V9"]
[]
[null,"C1-","50%x(FGTS+(FGTSxB))"]
[null,"C2-","1,33xV1/V9"]
[null,"C3-","V1/(V9/12xTP)"]
[]
[null,"TP =",9.67]
[]
[null,"ND=",52," Nº de domingos no ano"]
[null,"NF=",13," Nº de feriados no ano"]
[null,"PA1=",0.15," Perc. adesão ao auxílio enfermidade"]
[null,"PA2=",0.19400000000000001," Perc. adesão à licença paternidade"]
[null,"ND=",12.98," Nº dias chuva e faltas justificadas"]